OFDM-Based broadhand wireless networks : Design and optimization
OFDM-based Broadband Wireless Networks covers the latest technological advances in digital broadcasting, wireless LAN, and mobile networks to achieve high spectral efficiency, and to meet peak requirements for multimedia traffic. The book emphasizes the OFDM modem, air-interface, medium access-contr...
Đã lưu trong:
| 主要作者: | |
|---|---|
| 格式: | 圖書 |
| 語言: | Undetermined |
| 出版: |
New Jersey
John Wiley & Sons
2005
|
| 主題: | |
| 標簽: |
添加標簽
沒有標簽, 成為第一個標記此記錄!
|
| Thư viện lưu trữ: | Trung tâm Học liệu Trường Đại học Cần Thơ |
|---|
| LEADER | 00983nam a2200217Ia 4500 | ||
|---|---|---|---|
| 001 | CTU_100535 | ||
| 008 | 210402s9999 xx 000 0 und d | ||
| 020 | |c 1119000 | ||
| 082 | |a 621.38216 | ||
| 082 | |b L783 | ||
| 100 | |a Liu, Hui | ||
| 245 | 0 | |a OFDM-Based broadhand wireless networks : | |
| 245 | 0 | |b Design and optimization | |
| 245 | 0 | |c Hui Liu, Guoqing Li | |
| 260 | |a New Jersey | ||
| 260 | |b John Wiley & Sons | ||
| 260 | |c 2005 | ||
| 520 | |a OFDM-based Broadband Wireless Networks covers the latest technological advances in digital broadcasting, wireless LAN, and mobile networks to achieve high spectral efficiency, and to meet peak requirements for multimedia traffic. The book emphasizes the OFDM modem, air-interface, medium access-control (MAC), radio link protocols, and radio network planning. | ||
| 650 | |a Orthogonal frequency division multiplexing,Wireless communication systems | ||
| 904 | |i Truc | ||
| 980 | |a Trung tâm Học liệu Trường Đại học Cần Thơ | ||